[Event "Morshyn GP 3rd"]
[Site "Morshyn"]
[Date "2023.12.02"]
[Round "8"]
[White "Gerasimenyk, Mihail"]
[Black "Lornye, Pylyp"]
[Result "1/2-1/2"]
[WhiteElo "2136"]
[BlackElo "2147"]
[PlyCount "92"]
[EventDate "2023.12.02"]
[EventType "swiss (rapid)"]
[EventRounds "9"]
[EventCountry "UKR"]
[SourceTitle "CB49_2023"]
[SourceDate "2023.12.06"]
[SourceVersion "1"]
[SourceVersionDate "2023.12.06"]
[SourceQuality "1"]

1. d4 Nf6 2. Nf3 g6 3. Bg5 Bg7 4. e3 h6 5. Bf4 0-0 6. Bd3 d6 7. Nbd2 Nc6 8. c3 Nh5 9. Bg3 e5 10. dxe5 dxe5 11. Qc2 Qe7 12. 0-0-0 Be6 13. Kb1 a5 14. Bh4 Qc5 15. g4 Bxg4 16. Rhg1 Be6 17. Rg2 a4 18. Rdg1 a3 19. b3 Bh3 20. Ne4 Qb6 21. Rg3 Nxg3 22. Rxg3 Bf5 23. Nfd2 Rad8 24. Nc4 Qa7 25. Bxd8 Rxd8 26. Rf3 b5 27. Ncd2 b4 28. Rxf5 gxf5 29. Ng3 e4 30. Bb5 Bxc3 31. Nc4 Ne5 32. Nxf5 Nd3 33. Qe2 Ne5 34. Nxe5 Bxe5 35. Qg4+ Kh8 36. Qh4 Rd6 37. Nxd6 cxd6 38. Qxh6+ Kg8 39. Qg5+ Kf8 40. Bc4 Qc7 41. Qh6+ Bg7 42. Qg5 Be5 43. h4 d5 44. Bxd5 Qc3 45. Qd8+ Kg7 46. Qg5+ Kf8 1/2-1/2

[Event "Morshyn GP 3rd"]
[Site "Morshyn"]
[Date "2023.12.02"]
[Round "4"]
[White "Gerasimenyk, Mihail"]
[Black "Megur, Vladislav"]
[Result "0-1"]
[WhiteElo "2136"]
[BlackElo "2081"]
[PlyCount "92"]
[EventDate "2023.12.02"]
[EventType "swiss (rapid)"]
[EventRounds "9"]
[EventCountry "UKR"]
[SourceTitle "CB49_2023"]
[SourceDate "2023.12.06"]
[SourceVersion "1"]
[SourceVersionDate "2023.12.06"]
[SourceQuality "1"]

1. d4 d6 2. Nf3 g6 3. Bg5 Bg7 4. e3 Nd7 5. Bd3 h6 6. Bh4 a6 7. Nbd2 b6 8. c3 Bb7 9. Qc2 g5 10. Bg3 e6 11. 0-0-0 Ne7 12. e4 Nf6 13. e5 Nh5 14. exd6 cxd6 15. Ne4 Bxe4 16. Bxe4 d5 17. Bd3 Nxg3 18. hxg3 Nc6 19. Rde1 b5 20. Kb1 Qb6 21. Nd2 b4 22. c4 0-0 23. c5 Qc7 24. Nf3 g4 25. Ne5 Nxd4 26. Qd2 f5 27. Rxh6 Rf6 28. Rxf6 Bxf6 29. Qf4 Qxc5 30. Nxg4 Bg7 31. Nh6+ Kf8 32. Bxf5 exf5 33. Rc1 Qe7 34. f3 Qf6 35. Rh1 Re8 36. Qd2 a5 37. g4 Re2 38. Qf4 Nc6 39. Qxf5 Rxb2+ 40. Kc1 Qxf5 41. Nxf5 Rxg2 42. Rh7 Bc3 43. Rd7 d4 44. f4 Rxa2 45. g5 b3 46. Kd1 Rd2+ 0-1

[Event "Titled Tuesday intern op 26th Sep Early"]
[Site "Chess.com INT"]
[Date "2023.09.26"]
[Round "2"]
[White "Vargas, Mauricio"]
[Black "Gerasimenyk, Mihail"]
[Result "0-1"]
[WhiteElo "1961"]
[BlackElo "2136"]
[PlyCount "60"]
[EventDate "2023.09.26"]
[EventType "swiss (blitz)"]
[EventRounds "11"]
[EventCountry "USA"]
[SourceTitle "EXT 2024"]
[Source "ChessBase"]
[SourceDate "2023.10.10"]
[SourceVersion "1"]
[SourceVersionDate "2023.10.10"]
[SourceQuality "1"]

1. e4 d5 2. e5 c6 3. f4 h5 4. g3 h4 5. g4 h3 6. f5 e6 7. f6 gxf6 8. d4 fxe5 9. dxe5 Qh4+ 10. Kd2 Bh6+ 11. Kc3 Bxc1 12. Qxc1 Qxg4 13. b3 Qe4 14. Qg5 Ne7 15. Kb2 Qxh1 16. Bxh3 Rg8 17. Qe3 Qxg1 18. Qf3 Qxh2 19. Nc3 Rg3 20. Nxd5 cxd5 21. Qh5 Qxh3 22. Qe2 Nbc6 23. Rf1 Bd7 24. Qf2 Nf5 25. Rd1 0-0-0 26. b4 Rg2 27. Qc5 Ne3 28. Rc1 Nc4+ 29. Ka1 Qc3+ 30. Kb1 Na3# 0-1

[Event "Titled Tuesday intern op 04th Apr Early"]
[Site "Chess.com INT"]
[Date "2023.04.04"]
[Round "1"]
[White "Ambartsumova, Karina"]
[Black "Gerasimenyk, Mihail"]
[Result "1-0"]
[WhiteElo "2393"]
[BlackElo "2136"]
[PlyCount "145"]
[EventDate "2023.04.04"]
[EventType "swiss (blitz)"]
[EventRounds "11"]
[EventCountry "USA"]
[SourceTitle "EXT 2024"]
[Source "ChessBase"]
[SourceDate "2023.10.10"]
[SourceVersion "1"]
[SourceVersionDate "2023.10.10"]
[SourceQuality "1"]

1. e4 d5 2. exd5 Qxd5 3. Nc3 Qa5 4. d4 Nf6 5. Bc4 Nc6 6. Nge2 Bg4 7. f3 Bh5 8. Bd2 0-0-0 9. Nd5 Qa4 10. Bb3 Qa6 11. Nxf6 gxf6 12. c3 e5 13. d5 Ne7 14. c4 Qb6 15. Ng3 Bg6 16. Qe2 Nf5 17. Nxf5 Bxf5 18. 0-0-0 Bc5 19. Bc2 Bd4 20. Bxf5+ Kb8 21. Bc3 Bxc3 22. bxc3 Qa5 23. Qc2 h5 24. Kb1 Rd6 25. Ka1 Ra6 26. Rb1 Qc5 27. Rb4 Rg8 28. Rhb1 b6 29. g3 Qe3 30. Be4 h4 31. g4 h3 32. Rb5 Ra3 33. R5b3 Ra5 34. Qd3 Qc5 35. d6 Qxd6 36. Qxd6 cxd6 37. Rd1 Kc7 38. Rb2 Ra3 39. Rb3 Ra5 40. Bd5 Rf8 41. Rb2 Kd7 42. Rbd2 Ke7 43. Kb2 b5 44. cxb5 Rxb5+ 45. Bb3 Rd8 46. c4 Rb6 47. Kc3 Rc8 48. Rd5 f5 49. gxf5 Rg8 50. R5d2 a5 51. Bc2 Rc6 52. Be4 Rb6 53. Bd5 Kf6 54. Be4 Ke7 55. Kd3 a4 56. Ke3 a3 57. Rd3 Rg2 58. Rxa3 Rxh2 59. Ra7+ Kf6 60. c5 dxc5 61. Rdd7 Rg2 62. Rxf7+ Kg5 63. Rg7+ Kh4 64. Rh7+ Kg3 65. Rag7+ Kh2 66. Rxg2+ Kxg2 67. f4+ Kg3 68. fxe5 Ra6 69. f6 Ra3+ 70. Kd2 Rxa2+ 71. Kc3 Kf4 72. Bd5 Kxe5 73. Bxa2 1-0

[Event "Titled Tuesday intern op 25th Jan"]
[Site "Chess.com INT"]
[Date "2022.01.25"]
[Round "11"]
[White "Gerasimenyk, Mihail"]
[Black "Matveeva, Olga"]
[Result "0-1"]
[WhiteElo "2136"]
[BlackElo "2171"]
[PlyCount "84"]
[EventDate "2022.01.25"]
[EventType "swiss (blitz)"]
[EventRounds "11"]
[EventCountry "USA"]
[SourceTitle "CBM 206 Extra"]
[Source "ChessBase"]
[SourceDate "2022.03.31"]
[SourceVersion "1"]
[SourceVersionDate "2022.03.31"]
[SourceQuality "1"]

1. d4 Nf6 2. Nf3 g6 3. Bg5 Bg7 4. e3 d6 5. Nbd2 Nbd7 6. Bd3 0-0 7. h4 c5 8. c3 b6 9. h5 Nxh5 10. Rxh5 gxh5 11. Nh4 Qe8 12. Qxh5 f5 13. Qxe8 Rxe8 14. Nxf5 Nf6 15. Nxg7 Kxg7 16. dxc5 bxc5 17. Ke2 Rb8 18. b3 Be6 19. Rh1 Rh8 20. Bh6+ Kf7 21. Nf3 Bg4 22. e4 e6 23. Ke3 Bxf3 24. Kxf3 Rhg8 25. g3 Ke7 26. Bf4 e5 27. Be3 Rbf8 28. Ke2 h5 29. Bc4 Rh8 30. Bg5 Kd7 31. f3 Kc6 32. b4 cxb4 33. cxb4 Nd7 34. Bd5+ Kb5 35. Be7 Rc8 36. Bxd6 Rc2+ 37. Kd1 Rhc8 38. Rxh5 Rc1+ 39. Kd2 R8c2+ 40. Ke3 Rc3+ 41. Kf2 R1c2+ 42. Kg1 Rb2 0-1

[Event "Titled Tuesday intern op 25th Jan"]
[Site "Chess.com INT"]
[Date "2022.01.25"]
[Round "4"]
[White "Gerasimenyk, Mihail"]
[Black "Myradow, Soltan"]
[Result "1-0"]
[WhiteElo "2136"]
[BlackElo "2233"]
[PlyCount "61"]
[EventDate "2022.01.25"]
[EventType "swiss (blitz)"]
[EventRounds "11"]
[EventCountry "USA"]
[SourceTitle "CBM 206 Extra"]
[Source "ChessBase"]
[SourceDate "2022.03.31"]
[SourceVersion "1"]
[SourceVersionDate "2022.03.31"]
[SourceQuality "1"]

1. d4 Nf6 2. Nf3 e6 3. Bg5 b6 4. e3 Bb7 5. Nbd2 Be7 6. Bd3 c5 7. c3 d6 8. Qe2 0-0 9. h4 Nbd7 10. 0-0 e5 11. dxe5 dxe5 12. Rad1 Qc7 13. Bb1 h6 14. Bxf6 Nxf6 15. e4 Rad8 16. g3 Rfe8 17. Nc4 Rxd1 18. Rxd1 Bf8 19. Ne3 Nxe4 20. Nf5 Nf6 21. Nh2 e4 22. Ng4 Nxg4 23. Qxg4 Qc6 24. Ne3 Bc8 25. Qf4 Bb7 26. a3 a5 27. Ba2 Qf6 28. Qxf6 gxf6 29. Nf5 Bc8 30. Ne3 Rd8 31. Rxd8 1-0

[Event "Titled Tuesday intern op 25th Jan"]
[Site "Chess.com INT"]
[Date "2022.01.25"]
[Round "6"]
[White "Gerasimenyk, Mihail"]
[Black "Tarasova, Viktoriya"]
[Result "0-1"]
[WhiteElo "2136"]
[BlackElo "2226"]
[PlyCount "88"]
[EventDate "2022.01.25"]
[EventType "swiss (blitz)"]
[EventRounds "11"]
[EventCountry "USA"]
[SourceTitle "CBM 206 Extra"]
[Source "ChessBase"]
[SourceDate "2022.03.31"]
[SourceVersion "1"]
[SourceVersionDate "2022.03.31"]
[SourceQuality "1"]

1. d4 Nf6 2. Nf3 e6 3. g3 b6 4. Bg2 Bb7 5. c4 c5 6. d5 exd5 7. cxd5 Bxd5 8. Nc3 Bb7 9. 0-0 d5 10. e3 Be7 11. Ne5 0-0 12. Ng4 Nxg4 13. Qxg4 Na6 14. e4 d4 15. Bh6 Bf6 16. Nd5 Bxd5 17. exd5 Kh8 18. Bf4 Nb4 19. d6 Rc8 20. d7 Ra8 21. a3 Na6 22. Bb7 Nc7 23. Bd6 Rg8 24. Bxc7 Qxc7 25. Bxa8 Rxa8 26. Rfe1 Rg8 27. Re8 g6 28. Rae1 Kg7 29. Rxg8+ Kxg8 30. Re8+ Kg7 31. h4 h5 32. Qh3 d3 33. Re3 Qd6 34. Qf1 c4 35. Re4 b5 36. Qd1 Qxd7 37. Qd2 Qd5 38. Re8 Qd4 39. Rb8 a6 40. Rb7 Qxb2 41. Qe3 Qa1+ 42. Kg2 Qe5 43. Qb6 Qd5+ 44. Kh2 d2 0-1

[Event "EU-ch Rapid"]
[Site "Katowice"]
[Date "2021.12.19"]
[Round "8"]
[White "Gerasimenyk, Mihail"]
[Black "Sanz Wawer, Daniel"]
[Result "0-1"]
[WhiteElo "2136"]
[BlackElo "2371"]
[PlyCount "72"]
[EventDate "2021.12.18"]
[EventType "swiss (rapid)"]
[EventRounds "11"]
[EventCountry "POL"]
[SourceTitle "CBM 205 Extra"]
[Source "ChessBase"]
[SourceDate "2022.01.31"]
[SourceVersion "1"]
[SourceVersionDate "2022.01.31"]
[SourceQuality "1"]

1. d4 Nf6 2. Nf3 e6 3. Bg5 d5 4. e3 Be7 5. Bd3 0-0 6. Nbd2 Nbd7 7. c3 c5 8. h4 b6 9. g4 Bb7 10. Qc2 c4 11. Be2 b5 12. Bxf6 Nxf6 13. Ne5 Ne4 14. g5 f6 15. gxf6 Bxf6 16. Nxe4 dxe4 17. h5 Bxe5 18. dxe5 Qd5 19. Bg4 Qxe5 20. 0-0-0 Bd5 21. Rdg1 Rf7 22. Rg2 h6 23. Rhg1 a5 24. Qd2 b4 25. Bd1 a4 26. Qd4 Qxd4 27. cxd4 a3 28. b3 cxb3 29. Bxb3 Bxb3 30. axb3 Ra5 31. Rg6 Rxh5 32. Rxe6 Rxf2 33. Re7 Rg5 34. Rxg5 hxg5 35. Kb1 g4 36. Rxe4 g3 0-1

[Event "EU-ch Blitz"]
[Site "Katowice"]
[Date "2021.12.17"]
[Round "1"]
[White "Sadzikowski, Marian"]
[Black "Gerasimenyk, Mihail"]
[Result "0-1"]
[WhiteElo "1763"]
[BlackElo "2136"]
[PlyCount "46"]
[EventDate "2021.12.17"]
[EventType "swiss (blitz)"]
[EventRounds "22"]
[EventCountry "POL"]
[SourceTitle "CBM 205 Extra"]
[Source "ChessBase"]
[SourceDate "2022.01.31"]
[SourceVersion "1"]
[SourceVersionDate "2022.01.31"]
[SourceQuality "1"]

1. e4 d5 2. e5 c5 3. Bb5+ Nc6 4. f4 h5 5. Nf3 Nh6 6. 0-0 Bg4 7. Bxc6+ bxc6 8. h3 Nf5 9. hxg4 hxg4 10. Ng5 g3 11. Qg4 e6 12. Nxe6 fxe6 13. Qg6+ Kd7 14. Qf7+ Be7 15. Rf3 Rh1+ 16. Kxh1 Qh8+ 17. Kg1 Qh2+ 18. Kf1 Qh1+ 19. Ke2 Qxg2+ 20. Ke1 Qxf3 21. d3 Qf2+ 22. Kd1 Rh8 23. Bd2 Rh1+ 0-1

[Event "Ustron op-B"]
[Site "Ustron"]
[Date "2021.08.18"]
[Round "7"]
[White "Jakubowska, Anna"]
[Black "Gerasimenyk, Mihail"]
[Result "1/2-1/2"]
[WhiteElo "2085"]
[BlackElo "2133"]
[PlyCount "49"]
[EventDate "2021.08.13"]
[EventType "swiss"]
[EventRounds "9"]
[EventCountry "POL"]
[SourceTitle "CBM 204 Extra"]
[Source "ChessBase"]
[SourceDate "2021.11.30"]
[SourceVersion "1"]
[SourceVersionDate "2021.11.30"]
[SourceQuality "1"]

1. e4 d5 2. exd5 Qxd5 3. Nc3 Qa5 4. Bc4 Nf6 5. d3 Bg4 6. f3 Bh5 7. Bd2 c6 8. Nd5 Qd8 9. Nxf6+ gxf6 10. Ne2 Nd7 11. Nf4 Bg6 12. Qe2 e5 13. Nxg6 hxg6 14. d4 Qe7 15. dxe5 Nxe5 16. 0-0-0 0-0-0 17. Bf4 Rxd1+ 18. Rxd1 Nxc4 19. Qxc4 Bh6 20. Bxh6 Rxh6 21. Qd4 Rxh2 22. Qxa7 Rxg2 23. Qa8+ Kc7 24. Qa5+ Kc8 25. Qa8+ 1/2-1/2

[Event "Ustron op-B"]
[Site "Ustron"]
[Date "2021.08.16"]
[Round "5"]
[White "Sokolowski, Jacek"]
[Black "Gerasimenyk, Mihail"]
[Result "1-0"]
[WhiteElo "2144"]
[BlackElo "2133"]
[PlyCount "75"]
[EventDate "2021.08.13"]
[EventType "swiss"]
[EventRounds "9"]
[EventCountry "POL"]
[SourceTitle "CBM 204 Extra"]
[Source "ChessBase"]
[SourceDate "2021.11.30"]
[SourceVersion "1"]
[SourceVersionDate "2021.11.30"]
[SourceQuality "1"]

1. e4 c6 2. Nc3 d5 3. Nf3 dxe4 4. Nxe4 Nf6 5. Qe2 Bf5 6. Nxf6+ gxf6 7. d3 Nd7 8. g3 Nb6 9. Nh4 Be6 10. c4 Qd7 11. Be3 0-0-0 12. a4 Bg4 13. f3 Bh3 14. a5 Bxf1 15. Rxf1 Na8 16. Bxa7 Qxd3 17. Qxd3 Rxd3 18. Ke2 Rb3 19. Ra2 e6 20. Bd4 e5 21. Bc3 b5 22. cxb5 Rxb5 23. f4 Bb4 24. Nf5 Rd8 25. Bxb4 Rxb4 26. fxe5 fxe5 27. Ne7+ Kd7 28. Rxf7 Re4+ 29. Kf3 Re1 30. Rxh7 Ke6 31. Kf2 Rdd1 32. Nxc6 e4 33. b4 e3+ 34. Kf3 Rd2 35. Ra3 Rf2+ 36. Ke4 e2 37. Nd4+ Kd6 38. Rc3 1-0

[Event "Titled Tuesday intern op 13th July"]
[Site "Chess.com INT"]
[Date "2021.07.13"]
[Round "3"]
[White "Rostovtsev, Dmitry"]
[Black "Gerasimenyk, Mihail"]
[Result "1-0"]
[WhiteElo "2163"]
[BlackElo "2133"]
[PlyCount "43"]
[EventDate "2021.07.13"]
[EventType "swiss (blitz)"]
[EventRounds "11"]
[EventCountry "USA"]
[SourceTitle "CBM 203 Extra"]
[Source "ChessBase"]
[SourceDate "2021.09.30"]
[SourceVersion "1"]
[SourceVersionDate "2021.09.30"]
[SourceQuality "1"]

1. e4 c6 2. d4 d5 3. e5 c5 4. dxc5 Nc6 5. Nf3 Bg4 6. c3 a5 7. Bb5 e6 8. Be3 Nge7 9. Nbd2 Ng6 10. Qa4 Bxf3 11. Bxc6+ bxc6 12. Qxc6+ Ke7 13. Nxf3 Rc8 14. Qd6+ Ke8 15. Qxd8+ Kxd8 16. b4 f6 17. Bd4 Be7 18. Kd2 Kd7 19. a3 Kc6 20. Rhb1 Kb5 21. a4+ Kc4 22. Ke3 1-0

[Event "Titled Tuesday intern op 09th Mar"]
[Site "Chess.com INT"]
[Date "2021.03.09"]
[Round "9"]
[White "Gerasimenyk, Mihail"]
[Black "Skuhala, Barbara"]
[Result "0-1"]
[WhiteElo "2133"]
[BlackElo "2077"]
[PlyCount "74"]
[EventDate "2021.03.09"]
[EventType "swiss (blitz)"]
[EventRounds "11"]
[EventCountry "USA"]
[SourceTitle "CBM 201 Extra"]
[Source "ChessBase"]
[SourceDate "2021.05.31"]
[SourceVersion "1"]
[SourceVersionDate "2021.05.31"]
[SourceQuality "1"]

1. d4 d5 2. Nf3 Nf6 3. Bg5 e6 4. e3 Be7 5. Nbd2 0-0 6. Bd3 b6 7. c3 Ba6 8. Bb1 c5 9. h4 Nbd7 10. Ne5 Nxe5 11. dxe5 Nd7 12. f4 Re8 13. Qh5 Nf8 14. Rh3 Qd7 15. Rg3 Ng6 16. Qg4 Bxg5 17. hxg5 Qb5 18. b3 d4 19. a4 Qd7 20. exd4 cxd4 21. c4 d3 22. Bxd3 Qd4 23. 0-0-0 Red8 24. Kc2 Nxf4 25. Ne4 Ng6 26. Rh3 Qxe5 27. Qh5 Bb7 28. Qxh7+ Kf8 29. Nc3 Qxg5 30. Bxg6 Qxg6+ 31. Qxg6 fxg6 32. Rf1+ Kg8 33. Rg3 Rf8 34. Re1 Rf2+ 35. Re2 Raf8 36. Rxg6 Rxe2+ 37. Nxe2 Be4+ 0-1

[Event "Titled Tuesday intern op 09th Mar"]
[Site "Chess.com INT"]
[Date "2021.03.09"]
[Round "5"]
[White "Gerasimenyk, Mihail"]
[Black "Stoleriu, George"]
[Result "0-1"]
[WhiteElo "2133"]
[BlackElo "2349"]
[PlyCount "44"]
[EventDate "2021.03.09"]
[EventType "swiss (blitz)"]
[EventRounds "11"]
[EventCountry "USA"]
[SourceTitle "CBM 201 Extra"]
[Source "ChessBase"]
[SourceDate "2021.05.31"]
[SourceVersion "1"]
[SourceVersionDate "2021.05.31"]
[SourceQuality "1"]

1. d4 e6 2. Nf3 Nf6 3. c3 b6 4. Bg5 Bb7 5. e3 d6 6. Nbd2 Nbd7 7. Bd3 h6 8. Bf4 Qe7 9. Qe2 e5 10. dxe5 dxe5 11. Bg3 e4 12. Ba6 exf3 13. gxf3 Bxa6 14. Qxa6 Nc5 15. Qe2 g6 16. 0-0-0 Bg7 17. Qb5+ Qd7 18. Qc4 0-0 19. Ne4 Qe6 20. Qe2 Nfxe4 21. fxe4 Qxa2 22. f3 Bxc3 0-1

[Event "Titled Tuesday intern op 09th Mar"]
[Site "Chess.com INT"]
[Date "2021.03.09"]
[Round "4"]
[White "Shkapenko, Pavel"]
[Black "Gerasimenyk, Mihail"]
[Result "1-0"]
[WhiteElo "2424"]
[BlackElo "2133"]
[PlyCount "33"]
[EventDate "2021.03.09"]
[EventType "swiss (blitz)"]
[EventRounds "11"]
[EventCountry "USA"]
[SourceTitle "CBM 201 Extra"]
[Source "ChessBase"]
[SourceDate "2021.05.31"]
[SourceVersion "1"]
[SourceVersionDate "2021.05.31"]
[SourceQuality "1"]

1. e4 d5 2. exd5 Qxd5 3. Nf3 Bg4 4. Be2 Nc6 5. h3 Qh5 6. 0-0 Nf6 7. d4 0-0-0 8. hxg4 Nxg4 9. Bf4 e5 10. Bg3 e4 11. Nh2 f5 12. Bxg4 fxg4 13. c3 Kb8 14. Qxg4 Qf7 15. Nd2 h5 16. Qf4 g5 17. Qxf7 1-0

[Event "Titled Tuesday intern op 26th Jan"]
[Site "Chess.com INT"]
[Date "2021.01.26"]
[Round "1"]
[White "Gerasimenyk, Mihail"]
[Black "Livaic, Leon"]
[Result "0-1"]
[WhiteElo "2133"]
[BlackElo "2507"]
[PlyCount "82"]
[EventDate "2021.01.26"]
[EventType "swiss (blitz)"]
[EventRounds "11"]
[EventCountry "USA"]
[SourceTitle "CBM 200 Extra"]
[Source "ChessBase"]
[SourceDate "2021.03.31"]
[SourceVersion "1"]
[SourceVersionDate "2021.03.31"]
[SourceQuality "1"]

1. d4 Nf6 2. Nf3 d5 3. Bg5 Ne4 4. Bh4 c6 5. e3 Qb6 6. Nc3 Qxb2 7. Nxe4 dxe4 8. Nd2 Bf5 9. Rb1 Qxa2 10. Rxb7 e6 11. Bc4 Qa5 12. 0-0 Bd6 13. Qh5 0-0 14. Nxe4 Bb4 15. Nf6+ Kh8 16. Rxf7 Na6 17. Bxa6 Qxa6 18. Rxf8+ Rxf8 19. Nd7 Rg8 20. Ne5 Rb8 21. g4 Bxc2 22. Qf7 Qb7 23. Qxe6 Bg6 24. Nxg6+ hxg6 25. Qxg6 a5 26. Rc1 a4 27. Bg3 a3 28. Bxb8 Qxb8 29. Qxc6 Kh7 30. Qe4+ g6 31. Qc6 Bd6 32. Qd7+ Kh6 33. g5+ Kxg5 34. f4+ Kh6 35. Qh3+ Kg7 36. Qd7+ Kh6 37. Qh3+ Kg7 38. f5 Qb2 39. Qg2 Qxc1+ 40. Kf2 Qd2+ 41. Kf3 Qxg2+ 0-1

[Event "Titled Tuesday intern op 19th Jan"]
[Site "Chess.com INT"]
[Date "2021.01.19"]
[Round "10"]
[White "Gerasimenyk, Mihail"]
[Black "Javakhishvili, Lela"]
[Result "0-1"]
[WhiteElo "2133"]
[BlackElo "2473"]
[PlyCount "52"]
[EventDate "2021.01.19"]
[EventType "swiss (blitz)"]
[EventRounds "11"]
[EventCountry "USA"]
[SourceTitle "CBM 200 Extra"]
[Source "ChessBase"]
[SourceDate "2021.03.31"]
[SourceVersion "1"]
[SourceVersionDate "2021.03.31"]
[SourceQuality "1"]

1. d4 Nf6 2. Nf3 e6 3. Bg5 h6 4. Bf4 d5 5. e3 Bd6 6. g3 Nbd7 7. Nbd2 Qe7 8. c3 0-0 9. Bd3 e5 10. Nxe5 Nxe5 11. dxe5 Bxe5 12. Qc2 c5 13. Nf3 Bxf4 14. gxf4 Rd8 15. 0-0-0 Bg4 16. Be2 Ne4 17. Rhg1 Nxf2 18. Ne5 Bxe2 19. Rxg7+ Kxg7 20. Rg1+ Kh8 21. Qxe2 Rg8 22. Qxf2 Rxg1+ 23. Qxg1 Rg8 24. Qf2 f6 25. Qh4 Rg1+ 26. Kd2 Qg7 0-1

[Event "Titled Tuesday intern op 19th Jan"]
[Site "Chess.com INT"]
[Date "2021.01.19"]
[Round "1"]
[White "Gerasimenyk, Mihail"]
[Black "Kowalczyk, Pawel"]
[Result "1-0"]
[WhiteElo "2133"]
[BlackElo "2357"]
[PlyCount "89"]
[EventDate "2021.01.19"]
[EventType "swiss (blitz)"]
[EventRounds "11"]
[EventCountry "USA"]
[SourceTitle "CBM 200 Extra"]
[Source "ChessBase"]
[SourceDate "2021.03.31"]
[SourceVersion "1"]
[SourceVersionDate "2021.03.31"]
[SourceQuality "1"]

1. d4 Nf6 2. Nf3 g6 3. Bg5 Bg7 4. Nbd2 d5 5. e3 0-0 6. Bd3 c5 7. c3 Nc6 8. h4 h6 9. h5 Nxh5 10. Rxh5 gxh5 11. Bf4 Bg4 12. Qc2 Rc8 13. Bh7+ Kh8 14. Bf5 e6 15. Bxg4 hxg4 16. Ne5 Nxe5 17. dxe5 f5 18. 0-0-0 Qh4 19. g3 Qh2 20. Rf1 Rfd8 21. Qd1 Qh5 22. Rh1 Qg6 23. Qc2 b5 24. f3 gxf3 25. Nxf3 d4 26. Nh4 Qg4 27. e4 d3 28. Qd2 h5 29. exf5 exf5 30. Ng2 Qf3 31. Bh6 Qg4 32. Bxg7+ Kxg7 33. Nf4 Rh8 34. Qxd3 Kh6 35. Qd6+ Kg7 36. Qe7+ Kg8 37. Qe6+ Kg7 38. Rd1 Qxd1+ 39. Kxd1 Rce8 40. Qg6+ Kf8 41. Qf6+ Kg8 42. e6 Rh7 43. Qg6+ Kf8 44. Qxh7 Rd8+ 45. Ke2 1-0

[Event "Titled Tuesday intern op 19th Jan"]
[Site "Chess.com INT"]
[Date "2021.01.19"]
[Round "5"]
[White "Gerasimenyk, Mihail"]
[Black "Tristan, Leonardo"]
[Result "0-1"]
[WhiteElo "2133"]
[BlackElo "2535"]
[PlyCount "82"]
[EventDate "2021.01.19"]
[EventType "swiss (blitz)"]
[EventRounds "11"]
[EventCountry "USA"]
[SourceTitle "CBM 200 Extra"]
[Source "ChessBase"]
[SourceDate "2021.03.31"]
[SourceVersion "1"]
[SourceVersionDate "2021.03.31"]
[SourceQuality "1"]

1. d4 d5 2. Nf3 Nf6 3. Bg5 Ne4 4. Bh4 h5 5. Nc3 f6 6. h3 g5 7. Bg3 Nxg3 8. fxg3 Qd6 9. Kf2 h4 10. g4 c5 11. e3 e6 12. Bb5+ Nc6 13. dxc5 Qxc5 14. Qd4 Qxd4 15. exd4 Bd7 16. Rhe1 Bd6 17. Kg1 Kf7 18. Re2 Rac8 19. Rf1 Kg7 20. Bxc6 Rxc6 21. Ref2 Bg3 22. Re2 Rhc8 23. Nxd5 Rxc2 24. Rxc2 Rxc2 25. Nxf6 Bb5 26. Nh5+ Kg6 27. Nxg3 hxg3 28. Ne5+ Kg7 29. Re1 Rxb2 30. Nf3 Kf6 31. h4 gxh4 32. Nxh4 Bc6 33. Nf3 Bxf3 34. gxf3 Rxa2 35. f4 b5 36. Re5 b4 37. g5+ Kf7 38. d5 exd5 39. Rxd5 b3 40. Rb5 b2 41. f5 Ra1+ 0-1